000
00327nam a2200133Ia 4500
008
100328s9999 xx 000 0 und d
082
_b
49980
100
_a
Joyce Graham
245
_a
House Of Lost Dreams.
260
_b
Headline books
630
_a
House Of Lost Dreams.
730
_a
House Of Lost Dreams.
942
_c
BOOK
999
_c
537211
_d
537208